<?xml version="1.0" encoding="UTF-8"?>
<record
    xmlns:xsi="http://www.w3.org/2001/XMLSchema-instance"
    xsi:schemaLocation="http://www.loc.gov/MARC21/slim http://www.loc.gov/standards/marcxml/schema/MARC21slim.xsd"
    xmlns="http://www.loc.gov/MARC21/slim">

  <leader>00804nam a22001817a 4500</leader>
  <controlfield tag="008">200228b        xxu||||| |||| 00| 0 eng d</controlfield>
  <datafield tag="020" ind1=" " ind2=" ">
    <subfield code="a">1582554145</subfield>
  </datafield>
  <datafield tag="050" ind1=" " ind2=" ">
    <subfield code="a">RC630.N87 </subfield>
  </datafield>
  <datafield tag="245" ind1=" " ind2=" ">
    <subfield code="a">Nurse's quick check. Fluids &amp; electrolyes./</subfield>
  </datafield>
  <datafield tag="260" ind1=" " ind2=" ">
    <subfield code="a">London:</subfield>
    <subfield code="b">Lippincott Williams &amp; Wilkins,</subfield>
    <subfield code="c">2006.</subfield>
  </datafield>
  <datafield tag="300" ind1=" " ind2=" ">
    <subfield code="a">ix, 309p.</subfield>
  </datafield>
  <datafield tag="500" ind1=" " ind2=" ">
    <subfield code="a">Part one Essential concepts  Part two: Disorders related to fluid and electrolyte imbalance  Common fluid and electrolyte imbalance in pediatric patients  Common fluid and electrolyte imbalance in elderly patients  NANDA II taxonomy codes  Herbs that affects fluids and electrolytes</subfield>
  </datafield>
  <datafield tag="690" ind1=" " ind2=" ">
    <subfield code="a">Water-electrolyte imbalance</subfield>
  </datafield>
  <datafield tag="690" ind1=" " ind2=" ">
    <subfield code="a">Water-electrolyte balance</subfield>
  </datafield>
  <datafield tag="690" ind1=" " ind2=" ">
    <subfield code="a">Fluids &amp; electrolytes</subfield>
  </datafield>
  <datafield tag="710" ind1=" " ind2=" ">
    <subfield code="a">Lippincott Williams &amp; Wilkins,</subfield>
  </datafield>
  <datafield tag="942" ind1=" " ind2=" ">
    <subfield code="2">lcc</subfield>
    <subfield code="c">BK</subfield>
  </datafield>
  <datafield tag="999" ind1=" " ind2=" ">
    <subfield code="c">7129</subfield>
    <subfield code="d">14629</subfield>
  </datafield>
  <datafield tag="952" ind1=" " ind2=" ">
    <subfield code="0">0</subfield>
    <subfield code="1">0</subfield>
    <subfield code="2">lcc</subfield>
    <subfield code="4">0</subfield>
    <subfield code="7">0</subfield>
    <subfield code="a">WIUC-KL</subfield>
    <subfield code="b">WIUC-KL</subfield>
    <subfield code="c">NURS L.</subfield>
    <subfield code="d">2019-04-07</subfield>
    <subfield code="o">RC630.N87</subfield>
    <subfield code="p">KSN/279/19</subfield>
    <subfield code="r">2020-02-28 00:00:00</subfield>
    <subfield code="w">2019-04-07</subfield>
    <subfield code="y">BK</subfield>
  </datafield>
</record>
